Città più popolose Valle d'Aosta - Statistics

Statistiche generali
  • Questo quiz è stato fatto 70 volte
    24 dall'ultimo reset
  • Il punteggio medio è 4 su 10
Statistiche sulle risposte
Popolazione Provincia Città % Corretto
34 110 Aosta Aosta
100%
4 402 Aosta Saint-Vincent
50%
4 454 Aosta Châtillon
44%
3 543 Aosta Pont-Saint-Martin
38%
3 201 Aosta Saint-Pierre
31%
4 759 Aosta Sarre
31%
4 051 Aosta Quart
25%
3 395 Aosta Gressan
19%
2 968 Aosta Nus
19%
3 407 Aosta Saint-Christophe
13%
Nessun quiz corrispondente trovato
Distribuzione punteggi
Percentuale di utenti per punteggio
Percentile per numero di risposta
I tuoi punteggi nel tempo
Non hai fatto questo quiz dall'ultimo reset